| 000 | 01297cab a2200277 4500 | ||
|---|---|---|---|
| 001 | ABS47965 | ||
| 008 | 090401t1993 xxu||||| |||| 00| 0 eng d | ||
| 035 | _a(Sirsi) u64228 | ||
| 041 | _aeng | ||
| 100 | _aPowell-Smith, V. | ||
| 245 | _aSolicitors lose ground to lay advocates | ||
| 260 | _c1993 | ||
| 350 | _a0 | ||
| 490 |
_aContract Journal _v366(5913) 25 February 1993, 10-11(1) |
||
| 520 | _aTensions have arisen between solicitors and lay advocates as a result of the trend to arbitration as an alternative to litigation. In the arbitration case "Piper Double Glazing Ltd v DC Contracts", counsel representing D, the defeated defendant, asserted that only a solicitor`s charges, advocate`s fees and the cost of litigants in person could be recovered by taxation at the High Court. P, the plaintiffs, were represented by James R Knowles and were therefore not eligible. The court rejected this argument and awarded costs. | ||
| 650 | _aAWARD OF COSTS | ||
| 650 | _aCLAIMS CONSULTANTS | ||
| 650 | _aCONSTRUCTION DISPUTES | ||
| 650 | _aCOSTS | ||
| 650 | _aJAMES R KNOWLES | ||
| 650 | _aREPRESENTATION | ||
| 690 | _aMANAGEMENT-DISPUTE AVOIDANCE, MANAGEMENT AND RESOLUTION-DISPUTE MANAGEMENT AND RESOLUTION-ARBITRATION | ||
| 690 | _aLAW | ||
| 942 | _n0 | ||
| 948 | _c04/03/1997 | ||
| 999 |
_c39987 _d39987 |
||